The Effect of Culture System on EmbryonicDevelopment and Aneuploidy Rate in ICSI Cases / (رقم التسجيلة. 164670)

تفاصيل مارك
000 -LEADER
fixed length control field 03591nam a2200301Ia 4500
005 - DATE AND TIME OF LATEST TRANSACTION
control field 20250223033135.0
008 - FIXED-LENGTH DATA ELEMENTS--GENERAL INFORMATION
fixed length control field 231030s9999 xx 000 0 und d
049 ## - LOCAL HOLDINGS (OCLC)
Holding library Deposit
082 ## - DEWEY DECIMAL CLASSIFICATION NUMBER
Classification number 540
097 ## - Thesis Degree
Thesis Level M.Sc
099 ## - LOCAL FREE-TEXT CALL NUMBER (OCLC)
Classification number Cai01.12.02.M.Sc.2022.Ya.E
100 ## - MAIN ENTRY--PERSONAL NAME
Personal name Yasmine Sayed Azouz,
245 #4 - TITLE STATEMENT
Title The Effect of Culture System on EmbryonicDevelopment and Aneuploidy Rate in ICSI Cases /
Statement of responsibility, etc. By Yasmine Sayed Azouz ; Supervisor Mohamed Refaat Shehata, Heba Ali Abd ElRahman, Mohamed Abbas Eid.
246 ## - VARYING FORM OF TITLE
Title proper/short title اثر نظام الاستزراع على التطور الجنیني ومعدل اختلال الصیغة الصبغیة فى حالات الحقن المجھري
260 ## - PUBLICATION, DISTRIBUTION, ETC.
Date of publication, distribution, etc. 2022.
336 ## - CONTENT TYPE
Source rda content
Content type term text
337 ## - MEDIA TYPE
Source rdamedia
Media type term Unmediated
338 ## - CARRIER TYPE
Source rdacarrier
Carrier type term volume
502 ## - DISSERTATION NOTE
Dissertation note Thesis (M.Sc.)-Cairo University,2022.
504 ## - BIBLIOGRAPHY, ETC. NOTE
Bibliography, etc. note Bibliography: p. 46-39.
520 ## - SUMMARY, ETC.
Summary, etc. أھم خطوة في تقنیات المساعدة على الإنجاب ھي نظام الاستزراع. وبالتالي ، فھو یتلاعب بنجاح دورات التلقیح الاصطناعي والتطور الجنیني. عادة ما یتم الحفاظ على استقرار الزراعة الجنینیة باستخدام البارافین والزیوت المعدنیة. ھناك بیانات محدودة تتعلق بتراكب الزیت في أن ظمة الاستزراع ، باستثناء دراسة سیفر التي درس فیھا المؤلفون تأثیر أنواع الزیوت التجاریة المختلفة على التطور الجنیني البشري ، ھناك القلیل من الأدبیات المتعلقة بالزیت المستخدم كتراكب في أنظمة الاستزراع الجنیني على الرغم من تأثیره. عامل آخر مھم في نظام الاستزراع ھو الأطباق. تتمیز الأطباق بخصوصیة السیاسات والإجراءات المستخدمة في العلاج بمضادات الفیروسات القھقریة وھي مصممة للاستخدام في عیادات المساعدة على الإنجاب. ھناك العدید من الأحجام والأشكال التي یمكن الوصول إلیھا من ھذه الأطباق بما في ذلك أطباق الحقن المجھري وأطباق متعددة . لاستبعاد احتمال التعرض لخطر التلوث في الحقن المجھري ، یستخدم الاختبار الجیني قبل الزرع بشكل شائع خلال الدورة. قد یتأثر عدد غیر طبیعي للكروموسومات في الأجنة بعوامل مختلفة مثل تركیز الاكسجین والأسمولیة ودرجة الحرارة ودرجة الحموضة ونظام الاستزراع. اختلال الصیغة الصبغیة ھو السبب الرئیسي للعیوب الخلقیة وفقدان ال حمل المتكرر وفشل الانغراس وتوقف الجنین. یمكن تحدید واختیار الأجنة التي تتمتع بأفضل فرص التطور والنتائج في عملیات التلقیح الصناعي من خلال توظیف الاختبارات الجینیة السابقة للزرع لاختلال الصیغة الصبغیة وزراعة الأجنة الممتدة من البدایة حتى مرحلة الكیسة الأریمیة. (PGT-A)
650 ## - SUBJECT ADDED ENTRY--TOPICAL TERM
Topical term or geographic name entry element Chemistry
653 ## - INDEX TERM--UNCONTROLLED
Uncontrolled term IVF media
700 ## - ADDED ENTRY--PERSONAL NAME
Personal name Mohamed Refaat Shehata
856 ## - ELECTRONIC LOCATION AND ACCESS
Uniform Resource Identifier <a href="http://172.23.153.220/th.pdf">http://172.23.153.220/th.pdf</a>
905 ## - LOCAL DATA ELEMENT E, LDE (RLIN)
Cataloger Mohamady
942 ## - ADDED ENTRY ELEMENTS (KOHA)
Koha item type Thesis
Source of classification or shelving scheme Dewey Decimal Classification
المقتنيات
Source of classification or shelving scheme Not for loan Home library Current library Date acquired Full call number Barcode Date last seen Koha item type
Dewey Decimal Classification   المكتبة المركزبة الجديدة - جامعة القاهرة قاعة الرسائل الجامعية - الدور الاول 11.02.2024 Cai01.12.02.M.Sc.2022.Ya.E 01010110086758000 30.10.2023 Thesis
Cairo University Libraries Portal Implemented & Customized by: Eng. M. Mohamady Contacts: new-lib@cl.cu.edu.eg | cnul@cl.cu.edu.eg
CUCL logo CNUL logo
© All rights reserved — Cairo University Libraries
CUCL logo
Implemented & Customized by: Eng. M. Mohamady Contact: new-lib@cl.cu.edu.eg © All rights reserved — New Central Library
CNUL logo
Implemented & Customized by: Eng. M. Mohamady Contact: cnul@cl.cu.edu.eg © All rights reserved — Cairo National University Library